| 000 | 01258nam a2200325 4500 | ||
|---|---|---|---|
| 001 | 0000023710 | ||
| 003 | CO-CtgCURN | ||
| 005 | 20250331184432.0 | ||
| 007 | ta | ||
| 008 | 160627s2012 000 0 eng d | ||
| 020 | _a9789586539982 | ||
| 040 |
_aCO-CtgCURN _bspa _ccoctgcurn |
||
| 082 | 0 |
_a344.01 _bC718co |
|
| 110 | 2 | _aColombia. | |
| 245 | 1 | 0 | _aCódigo sustantivo del trabajo y Código procesal del trabajo y de la seguridad social. |
| 250 | _a30a ed. | ||
| 260 |
_aBogotá : _bLegis, _c2012. |
||
| 300 | _a897 p. | ||
| 336 | _2rdacontent | ||
| 337 |
_2rdamedia _asin mediacion _bn |
||
| 338 |
_2rdacarrier _avolumen _bnc |
||
| 490 | 1 | _aCódigos basicos | |
| 500 | _aIncluye abreviaturas utilizadas, indice general e indice alfabetico. | ||
| 505 | 8 | _aDerecho individual del trabajo.--Derecho colectivo del trabajo.--Regimen de subsidio familiar, protección social, subsidio familiar y generacion de empleo.--Código procesal del trabajo y de la seguridad social.--Suplemento | |
| 650 | 1 | 4 |
_aDerecho laboral _vLegislacion. |
| 908 | _a160627 | ||
| 942 |
_cBK _h344.01 _iC718co _2ddc |
||
| 999 |
_c19563 _d19563 |
||